| 000 | 00349nab a22001097u 4500 | ||
|---|---|---|---|
| 008 | 130520b1967 xxu||||| |||| 00| 0 ita d | ||
| 041 | _aita | ||
| 100 | 1 |
_aDegan, Giovanni del _963155 |
|
| 245 | 0 | 0 |
_aPluralismo e unità della cultura cristiana _cGiovanni del Degan |
| 773 | 0 |
_tSapienza _gV.20, nº1,1967,págs. 112-118 _x0036-4711 _wRev414 |
|
| 942 | _cAR | ||
| 999 |
_c341384 _d341384 |
||